000 00688cam a2200145ua 4500
041 _aeng
_h
082 _a370.14
_bMIN/AG
110 1 _aMinistry of community development and co-operation .
_b
_c()
245 _aGuide to gram sevikas and mukhya sevikas /
_cMinistry of community development and co-operation.
_hTextual Documents
260 _a :
_bMinistry of community development and co-operation ,
_c1960.
300 _a72 ; .
504 _a
942 _cBK
999 _c10666
_d10666